Rappers (2000-2022) - Statistics

General Stats
  • This quiz has been taken 149 times
  • The average score is 13 of 50
Answer Stats
Hint Answer % Correct
2006- Drake
73%
1988- Eminem
69%
2015-2019 Juice Wrld
58%
2013-2018 XXXTENTACION
56%
2017- Lil Baby
53%
2004- Kendrick Lamar
51%
2014- Lil Uzi Vert
51%
1992- Snoop Dogg
51%
2008- Travis Scott
47%
1995- Lil Wayne
46%
1985- Dr Dre
45%
1998- 50 Cent
40%
2018-2020 Pop Smoke
39%
2014- DaBaby
38%
1996-2017 Lil Peep
38%
2011- Future
37%
2014- J Cole
36%
2017- Polo G
33%
2010- Young Thug
32%
2013- Gunna
28%
2007-2018 Mac Miller
27%
2009- Offset (Migos)
27%
2009- Quavo (Migos)
27%
2009- Takeoff (Migos)
27%
2012- Playboi Carti
25%
2015- Trippie Redd
25%
2017- NLE Choppa
22%
2015- NBA Youngboy
21%
2015- Cardi B
19%
2012- 6ix9ine
18%
2009- Kodak Black
17%
2017- Blueface
16%
2018- Lil Tecca
16%
2017- Baby Keem
15%
2005- Gucci Mane
12%
2017- Roddy Rich
12%
2017- Ynw Melly
12%
2017- Don Toliver
10%
2007- Tyga
10%
2017- Megan Thee Stallion
9%
2010- NF
8%
2010- The Weeknd
7%
2011- A$AP Rocky
6%
1997- Will Smith
5%
2012- Moneybagg Yo
4%
2005- T-Pain
4%
2018- Ynw Bslime
3%
2016- Yung Gravy
1%
2016- bbno$
0%
2016- Internet Money
0%
No matching quizzes found
Score Distribution
Percent of People with Each Score
Percentile by Number Answered
Your Score History
You have not taken this quiz